La clientela romana. Función y trascendencia en la crisis de la república

Kaydedildi:
Detaylı Bibliyografya
Yazar: Sagristani, Marta (Yazar)
Materyal Türü: Kitap
Dil:İspanyolca
Baskı/Yayın Bilgisi: Córdoba Ferreyra 2006
Konular:
Etiketler: Etiketle
Etiket eklenmemiş, İlk siz ekleyin!

MARC

LEADER 00000nam a2200000 a 4500
001 UCI2298
003 CL-VaPUC
008 070817e20060000AG |||||||||||||||||spa|d
020 |a 9789871110513 
082 0 4 |a 937  |b SAG  |2 21 
100 0 |a Sagristani, Marta  |e author  |9 523262 
245 1 3 |a La clientela romana. Función y trascendencia en la crisis de la república 
300 |a 308 p 
942 |c BK 
945 |d 20070817 00:00:00  |a rbrito 
260 |a Córdoba  |b Ferreyra  |c 2006 
650 0 |a Historia de Roma   |9 315349 
650 0 |a Historia antigua  |9 267521 
650 7 |a POLITICA ROMANA  |2 CL-VaPUC  |9 523263 
651 0 |a Roma   |9 255106 
583 |a last modification  |c 20070817 00:00:00  |k Rodrigo Vera 
999 |c 326916  |d 326914 
952 |0 0  |1 0  |4 0  |6 937_000000000000000_SAG_2006  |7 0  |8 A  |9 409176  |a BIBHIS  |b BIBHIS  |d 2019-11-22  |i 4364171  |o 937 SAG 2006  |p 4364171  |r 2025-01-20  |w 2019-11-22  |y BK  |k HIS